000 00512nmm a2200181Ia 4500
008 251105s9999||||xx |||||||||||||||||und||
020 _a9788433967817
041 _aspa
100 _aSáenz, Miguel
245 0 _aAusterlitz
264 _a[Madrid, España] :
_bEditorial Anagrama,
_c[Fecha de publicación no identificada]
300 _a0 páginas
490 _aCompactos
700 _aSáenz, Miguel
700 1 _a Sebald, W.G.
856 _uhttps://public.digitaliapublishing.com/a/117524
942 _cCF
999 _c70930
_d70930